Crime is not the problem : lethal violence in America

Αποθηκεύτηκε σε:
Λεπτομέρειες βιβλιογραφικής εγγραφής
Κύριος συγγραφέας: Zimring, Franklin E.
Άλλοι συγγραφείς: Hawkins, Gordon 1919-
Μορφή: Βιβλίο
Γλώσσα:English
Δημοσίευση: New York : Oxford University Press, 1999, c1997
Σειρά:Studies in crime and public policy
Θέματα:
Ετικέτες: Προσθήκη ετικέτας
Δεν υπάρχουν, Καταχωρήστε ετικέτα πρώτοι!

MARC

LEADER 00000nam a2200000 i 4500
001 1/49054
008 070724s1997 eng d
020 |a 0-19-513105-3 (pbk.) 
035 |l 10089086 
040 |a GR-MY-UA  |b gre  |e aacr 
041 0 |a eng 
082 0 |a 364.1  |2 (22) 
100 1 |a Zimring, Franklin E. 
245 1 0 |a Crime is not the problem :  |b lethal violence in America /  |c Franklin E. Zimring, Gordon Hawkins 
260 |a New York :   |b Oxford University Press,   |c 1999, c1997 
300 |a xii, 272 σ.;  |b εικ.;  |c 24 εκ. 
490 1 |a Studies in crime and public policy 
504 |a Βιβλιογραφία: σ. [253]-259 
504 |a Περιέχει ευρετήριο 
650 0 0 |a Violence  |z United States. 
650 0 0 |a Violent crimes  |z United States. 
650 0 0 |a Violent crimes  |z United States  |x Prevention. 
700 1 |a Hawkins, Gordon  |d 1919- 
830 0 |a Studies in crime and public policy 
852 |a INST  |b LESVOS  |e 20070724  |h 364.1 ZIM  |p 005100037794  |q 005100037794  |t BK  |y 0 
901 |a BIBL1-2007-2 
909 |a Λ  |b 136882 
922 |a 1ΕΛΗ  |b 200707  |c ΕΠΕΑΕΚ2/ΤΚ  |d ΕΛΕΥΘΕΡΟΥΔΑΚΗΣ 
970 |a ΒΑΡΚΑ  |b ΕΛΕΥΘΕΡΙΑ  |z 2007/07/24